|
|
|
|
| LEADER |
00000naa2a2200000 4500 |
| 001 |
396496 |
| 005 |
20231101064755.0 |
| 035 |
|
|
|a (RuTPU)RU\TPU\prd\34729
|
| 090 |
|
|
|a 396496
|
| 100 |
|
|
|a 20050408a2003 k y0rusy50 ca
|
| 101 |
0 |
|
|a rus
|
| 102 |
|
|
|a RU
|
| 200 |
1 |
|
|a Устранение омонимии в языке предметных рубрик
|f Е. М. Ручимская
|
| 225 |
1 |
|
|a Практикум
|
| 320 |
|
|
|a Библиогр.: 15 назв.
|
| 461 |
|
0 |
|0 (RuTPU)RU\TPU\prd\1339
|x 0869-608X
|t Библиотековедение
|o журнал
|d 1993-
|
| 463 |
|
0 |
|0 (RuTPU)RU\TPU\prd\21937
|t № 1
|v С. 47-54
|d 2003
|
| 610 |
1 |
|
|a язык предметных рубрик
|
| 610 |
1 |
|
|a омонимия
|
| 610 |
1 |
|
|a устранение
|
| 610 |
1 |
|
|a информационный поиск
|
| 610 |
1 |
|
|a практикумы
|
| 700 |
|
1 |
|a Ручимская
|b Е. М.
|g Евгения Марковна
|
| 801 |
|
1 |
|a RU
|b 63413507
|c 20050408
|g PSBO
|
| 801 |
|
2 |
|a RU
|b 63413507
|c 20060601
|g PSBO
|
| 942 |
|
|
|c BK
|